000 00616nam a2200217Ia 4500
003 OSt
005 20241217153542.0
008 210719s1907 xx 000 0 und d
040 _cAL
041 _aeng
082 _a220 SALC
100 _aSALDANHA (Joseph L)
_9191454
245 _aChristian Puranna of father Thomas Stephens of the Society of Jesus: a work of the 17th century
260 _aBolar, Mangalore
_bSimon Alvares
_c1907
300 _axciv,597
_bHB
365 _cRs
650 _aChristianity
_9191455
654 _2Christa Purana
906 _aChrista Purana Thomas Stephens
942 _2ddc
_cBK
999 _c213988
_d213988